CompTIA Acronyms 11 - Statistics

General Stats
  • This quiz has been taken 10 times
  • The average score is 7 of 22
Answer Stats
Hint Answer % Correct
RF Radio Frequency
100%
RFI Radio Frequency Interference
100%
RDP Remote Desktop Protocol
100%
SaaS Software as a Service
100%
ROM Read-Only Memory
67%
RGB Red Green Blue
67%
RTC Real-Time Clock
33%
RISC Reduced Instruction Set Computer
33%
SD card Secure Digital card
33%
SATA Serial Advanced Technology Attachment
33%
SCSI Small Computer System Interface
33%
SAN Storage Area Network
33%
RFID Radio Frequency Identification
0%
RPO Recovery Point Objective
0%
RTO Recovery Time Objective
0%
RIS Remote Installation Service
0%
RMA Returned Materials Authorization
0%
RIP Routing Information Protocol
0%
SCP Secure Copy Protection
0%
SAS Serial Attached SCSI
0%
SCSI ID Small Computer System Interface Identifier
0%
SC Subscription Channel
0%
No matching quizzes found
Score Distribution
Percent of People with Each Score
Percentile by Number Answered
Your Score History
You have not taken this quiz